| 000 | 00721nam a2200229 a 4500 | ||
|---|---|---|---|
| 005 | 20240924070610.0 | ||
| 008 | 160815s2012 mx r 000 0 spa d | ||
| 020 | _a9786074016048 | ||
| 035 | _aUPN01000212308 | ||
| 049 | _aCG | ||
| 050 | 4 |
_aBD236 _bO4.2 |
|
| 100 | 1 |
_aOlvera Romero, Caleb _939413 |
|
| 245 | 1 | 4 |
_aLas disoluciones de la primera persona : _bun análisis hermenéutico de la identidad / _cCaleb Olvera Romero. |
| 260 |
_aMéxico : _bPromep : _bPorrúa, _c2012. |
||
| 300 | _a239 p. | ||
| 440 | 0 |
_aFilosofía. _pLas ciencias sociales |
|
| 650 | 7 |
_aIdentidad (Concepto filosófico) _2 _9588 |
|
| 650 | 4 |
_aYO, EL (FILOSOFIA) _98267 |
|
| 650 | 4 |
_aHermenéutica _95799 |
|
| 905 | _aLibro | ||
| 999 |
_c184408 _d184408 |
||